000 01850 a2200205 4500
001 25190
005 20260407155535.0
008 260407a1967 arg spa d
003 AR-UNSa-BCEJYS
040 _aAR-UNSa-BCEJYS
_bspa
_cAR-UNSa-BCEJYS
080 _a519.2
_xProbabilidades y estadística matemática
245 1 0 _aMétodos estadísticos
250 _a5a. ed
264 1 _aPanamá :
_bLibros McGraw-Hill
_c1967
300 _a498 p.
_c23 cm.
505 _a1. Concepto de probabilidad - 2. Probabilidad condicionada. Dependencia e independencia - 3. Variable aleatoria discreta - 4. Caracteristicas de la distribución de una variable aleatiria discreta - 5. Espacios probabilisticos generales - 6. Variable aleatiria generales - 7. Caracteristicas de la distribución de una variable aletoria general - 8. Función caracteristica - 9. Algunas distribuciones continuas - 10. Variable estadisticas y variables aleatorias multidimensionales - 11. Cambios de variables - 12. Regresión y correlación - 13. Regresión y correlación para n variables - 14. algunas distribuciones n-variables - 15. Teoremas de limites - 16. Distribuciones asociadas al proceso de muestreo de una población paramétrica - 17. Distribuciones asociadas al proceso de muestreo de una población no paramétrica - 18. Estimación por intervalos de confianza - 19. Estimadores por punto - 20. Estimadores por punto para muestras grandes - 21. Test de hipótesis estadísticas - 22. Algunos test no paramétricos - 23. Muestras de poblaciónes finitas - 24. Aplicaciones a la medida de magnitudes físicas - 25. Análisis de la varianza - 26. Idea del diseño de experimentos - 27. Métodos de estimación en modelos lineales - 28. Método secuencial - 29. Proceso de decisión.
942 _cBK
590 _aniveau_biblio:m niveau_hierar:0
100 1 _aRios, Sixto
999 _c1301
_d1301